Study of waste glass powder as partial replacement of cement in concrete (Record no. 554232)
[ view plain ]
| 000 -LEADER | |
|---|---|
| fixed length control field | 00510nam a22001697a 4500 |
| 082 ## - DEWEY DECIMAL CLASSIFICATION NUMBER | |
| Classification number | P-833 |
| -- | Syn-34 |
| 100 ## - MAIN ENTRY--PERSONAL NAME | |
| Personal name | Mujahid Tufail ,Rao |
| 9 (RLIN) | 51548 |
| 245 ## - TITLE STATEMENT | |
| Title | Study of waste glass powder as partial replacement of cement in concrete |
| 260 ## - PUBLICATION, DISTRIBUTION, ETC. | |
| Place of publication, distribution, etc. | Risalpur, |
| Name of publisher, distributor, etc. | MCE, |
| Date of publication, distribution, etc. | 2019. |
| 300 ## - PHYSICAL DESCRIPTION | |
| Extent | 65p. |
| Other physical details | ill. |
| Dimensions | 30cm. |
| 526 ## - STUDY PROGRAM INFORMATION NOTE | |
| Program name | 0 |
| Interest level | 0 |
| Reading level | 0 |
| Title point value | P_833 |
| 700 ## - ADDED ENTRY--PERSONAL NAME | |
| Personal name | Dr. Muhammad Shahid Siddique |
| 700 ## - ADDED ENTRY--PERSONAL NAME | |
| Personal name | Izaz Ur Rehman |
| 9 (RLIN) | 51549 |
| 700 ## - ADDED ENTRY--PERSONAL NAME | |
| Personal name | Sana Ullah |
| 9 (RLIN) | 51550 |
| 700 ## - ADDED ENTRY--PERSONAL NAME | |
| Personal name | Talah Shehzad Malik |
| 9 (RLIN) | 51551 |
| 942 ## - ADDED ENTRY ELEMENTS (KOHA) | |
| Source of classification or shelving scheme | |
| Koha item type | Book |
| Withdrawn status | Lost status | Source of classification or shelving scheme | Damaged status | Not for loan | Permanent Location | Current Location | Date acquired | Total Checkouts | Full call number | Barcode | Date last seen | Price effective from | Koha item type |
|---|---|---|---|---|---|---|---|---|---|---|---|---|---|
| Military College of Engineering (MCE) | Military College of Engineering (MCE) | 08/17/2019 | P-833 | MCE-P-833 | 08/17/2019 | 08/17/2019 | Book |
